[Event "Canadian op U1600"]
[Site "Toronto"]
[Date "1983.07.12"]
[Round "5"]
[White "Tierney, Geoffrey"]
[Black "King, Edward"]
[Result "1-0"]
[WhiteElo "1561"]
[BlackElo "1432"]
[PlyCount "57"]
[EventDate "1983.07.09"]
[EventType "swiss"]
[EventRounds "10"]
[EventCountry "CAN"]
[SourceTitle "EXT 2022"]
[Source "ChessBase"]
[SourceDate "2021.10.06"]
[SourceVersion "1"]
[SourceVersionDate "2021.10.06"]
[SourceQuality "1"]

1. d4 Nf6 2. c4 e6 3. Nc3 b6 4. Bg5 Be7 5. Nf3 Bb7 6. e3 0-0 7. Bd3 c5 8. 0-0 cxd4 9. exd4 Qc7 10. Qe2 d6 11. Bxf6 Bxf6 12. Be4 Nd7 13. Bxb7 Qxb7 14. Ne4 Qc6 15. Rac1 Rac8 16. Qd3 h6 17. Qa3 Be7 18. Rfe1 Rfe8 19. d5 exd5 20. Nd4 Qc7 21. Nb5 Qb8 22. Nexd6 a6 23. Rxe7 Rxe7 24. Nxc8 Re8 25. Ne7+ Kh8 26. Nd4 Qe5 27. Ndc6 Qe6 28. Qe3 Qf6 29. Ng6+ 1-0